Comportamiento del consumidor

Uloženo v:
Podrobná bibliografie
Hlavní autor: Schiffman, León G.
Médium: Kniha
Jazyk:španělština
Vydáno: Prentice Hall. c1991.
Vydání:3ª ed.
Témata:
Tagy: Přidat tag
Žádné tagy, Buďte první, kdo vytvoří štítek k tomuto záznamu!

MARC

LEADER 00000nam a22000005a 4500
001 6570
003 CL-ChBUA
005 20120815102951.0
008 070301s1991 mx 000 0 spa
020 |a 9688801852 
040 |a CL-ChBUA  |c CL-ChBUA 
082 0 0 |a 658.834 
090 |c 6570  |d 6570 
100 1 |a Schiffman, León G. 
245 1 0 |a Comportamiento del consumidor 
250 |a 3ª ed. 
260 |b Prentice Hall.  |c c1991. 
300 |a xix, 741 p. : il.  |b xix, 741 p. : il.  |c 23 cm. 
504 |a Indice. 
650 4 |a CONSUMIDORES - COMPORTAMIENTO. 
650 4 |a ANALISIS DE MERCADO. 
650 4 |a COMPETENCIA ECONOMICA. 
942 |c LIB 
952 |0 0  |1 0  |4 0  |7 0  |9 9930  |a UNACH  |b UNACH  |c 600  |d 2007-03-05  |i 29.129.  |l 0  |o 658.834 2 / ScH 333. c.1  |p 10929  |r 2012-12-27 00:00:00  |u 9930  |w 2012-08-08  |y LIB  |k 658.834 2 / ScH 333. c.1 
952 |0 0  |1 0  |4 0  |7 0  |9 9931  |a UNACH  |b UNACH  |c 600  |d 2007-03-05  |i 29.116.  |l 1  |o 658.834 2 / ScH 333. c.2  |p 10930  |r 2016-05-30 00:00:00  |s 2013-05-30  |u 9931  |w 2012-08-08  |y LIB  |k 658.834 2 / ScH 333. c.2 
999 |c 6570  |d 6570